00926cam a2200229 a 450000100100000000500170001000800410002702000150006804000230008308200180010610000410012424502390016526000320040430000280043644000310046450400550049560000410055065000210059165000260061270000250063870000330066300000526220210409114021.0981009s1998 sp a b 001 0 spa  a8437615690 aDO-SdBNPcDLCdDLC a862.62bG216t aGarcía Lorca, Federico,d1898-193610aTíteres de cachiporra :btragicomedia de don Cristóbal y la señá Rosita : (versión autógrafa inédita de 1922) /cFederico García Lorca ; texto fijado y notas de Christian de Paepe ; introducción, Annabella Cardinali. aMadrid :bCátedra,c1998. a245 p. :bil. ;c18 cm. 0aLetras hispánicas ;v434 aIncluye referencias bibliográficas (p. 121-127). 0aGarcía Lorca, Federico,d1898-1936 4aTeatro español 4aLiteratura española1 aPaepe, Christian de.1 aCardinali, Annabella,eintr.